000 00723nam a2200241 i 4500
003 DO-SdBNP
005 20231107084728.0
006 a||||gr|||| 00| 0
007 ta
008 231027e2006 rd a|||| |||| 00| e spa d
040 _aDO-SdBNP
_bspa
_cBNPHU
_erda
082 4 _222
_bR466n
100 1 _aReynoso, Marino
_923312
_eautora
245 _aNovena a :
_bSan Juan María Vianney " el cura de ars" /
_cMarino Reynoso
264 _aSanto Domingo :
_bAmigo del Hogar
_c2006
300 _a32 páginas :
_bIlustraciones ;
_c22 cm.
336 _2rdacontent
_atexto
_btxt
337 _2rdamedia
_asin mediación
_bn
338 _2rdacarrier
_avolumen
_bnc
590 _aInventariado 2023 / DG
910 _aDG
942 _2ddc
_cLF2
999 _c55405
_d55405